OECD Development Co-operation Peer Reviews: <The> Netherlands 2017

Guardado en:
Detalles Bibliográficos
Formato: Libro
Lenguaje:inglés
Publicado: Paris OECD 2017
Colección:OECD Development Co-operation Peer Reviews
Materias:
Etiquetas: Agregar Etiqueta
Sin Etiquetas, Sea el primero en etiquetar este registro!

MARC

LEADER 00000nam a2200000 4500
001 0240826
005 20240314123233.6
020 |a 978-92-64-27835-6 
041 0 |a eng 
044 |a FR 
245 1 0 |a OECD Development Co-operation Peer Reviews: <The> Netherlands 2017 
264 1 |a Paris  |b OECD  |c 2017 
300 |a 105 s. 
490 1 |a OECD Development Co-operation Peer Reviews 
830 0 |a OECD Development Co-operation Peer Reviews 
610 2 0 |a rozvoj hospodársky 
610 2 0 |a financovanie 
610 2 0 |a politika 
610 2 0 |a stratégia hospodárska 
610 2 0 |a spolupráca medzinárodná 
610 2 0 |a záväzky 
610 2 0 |a pomoc humanitárna 
610 2 0 |a bilateralita 
610 2 0 |a multilateralita 
610 2 0 |a kooperácia 
610 2 0 |a programy rozvojové 
610 2 0 |a partnerstvo strategické 
610 2 0 |a Holandsko